000 00374 a2200169 4500
001 170285
020 _a978-85-262-604-9
040 _cMagnum
100 _aSene, Eustáquio de
240 1 0 _aGeografia geral e do Brasil
_lpor
245 1 0 _aGeografia geral e do Brasil
300 _a560
362 0 _a2008
440 1 _aScipione
697 _aMISCELÂNEA
942 _cBK
999 _c170285
_d170285